[Event "AUTO-INT-3895"]
[Site "http://www.queenalice.com/game.php?id=1844835"]
[Date "2024.10.7"]
[Round "1"]
[White "victor_lobo"]
[Black "profeta"]
[Result "0-1"]
[WhiteElo "1564"]
[BlackElo "1555"]

1. e4 e5 2. Bc4 Nc6 3. Qf3 Nf6 4. c3 Na5 5. d3 Nxc4 6. dxc4 h6 7. Nd2 a6 8. b4
b5 9. c5 c6 10. c4 d6 11. cxd6 Qxd6 12. Bb2 g6 13. Qg3 bxc4 14. Bxe5 Qxb4 15.
Ne2 Bg7 16. Bxf6 Bxf6 17. Rb1 Qa4 18. Qd6 Be7 19. Qe5 f6 20. Qc3 O-O 21. O-O c5
22. Nf4 Kg7 23. e5 Kh7 24. Rb6 Bd8 25. exf6 Bxb6 26. Ne4 Bf5 27. Nd6 Bc7 28. Qe5
Bxd6 29. Qxd6 Qe8 30. Qc7+ Qf7 31. Qxf7+ Rxf7 32. Rc1 Re8 33. h3 Rxf6 34. Rxc4
Bb1 35. a3 Rf5 36. g3 g5 37. Ng2 h5 38. h4 g4 39. Rc1 Ba2 40. Rd1 Kg8 41. Rd6
Bd5 42. Ne3 Rfe5 43. Nxd5 Re1+ 44. Kg2 Rb8 45. Rb6 Rxb6 46. Nxb6 Re6 47. Nc4 Re4
48. Nb2 c4 49. Nd1 Rd4 50. Ne3 c3 51. Kf1 a5 52. Kg2 Rd2 53. Kf1 c2 54. Nxc2
Rxc2 55. Ke1 Ra2 56. Kf1 Rxa3 57. Kg2 a4 58. Kf1 Rc3 59. Ke1 a3 60. Kd2 Rc8 61.
Ke3 a2 62. f3 gxf3 63. Kxf3 a1=Q 64. g4 Rf8+ 65. Kg3 Qc3+ 66. Kg2 Qf3+ 67. Kh2
hxg4 68. h5 Qf2+ 69. Kh1 Rf3 70. h6 Rh3# 0-1

[Event "AUTO-INT-3895"]
[Site "http://www.queenalice.com/game.php?id=1844852"]
[Date "2024.10.7"]
[Round "1"]
[White "victor_lobo"]
[Black "Castling"]
[Result "0-1"]
[WhiteElo "1581"]
[BlackElo "1587"]

1. e4 e5 2. Bc4 Nf6 3. Bxf7+ Kxf7 4. d3 Bb4+ 5. c3 Bd6 6. Bg5 h6 7. Bxf6 gxf6 8.
Nf3 Rg8 9. g3 Be7 10. d4 Nc6 11. dxe5 fxe5 12. Nxe5+ Nxe5 13. Qd5+ Kf6 14. Nd2
d6 15. O-O-O c6 16. Qc4 Nxc4 17. Nxc4 Be6 18. Ne3 Bxa2 19. f4 Bb3 20. Rd3 Qa5
21. Rg1 Qa1+ 22. Kd2 Qxg1 23. c4 Qxh2+ 24. Kc3 Qe2 25. e5+ Kf7 26. Nf5 Qc2+ 27.
Kd4 dxe5+ 28. fxe5 Rad8+ 29. Nd6+ Bxd6 30. exd6 Rxd6+ 31. Ke3 Rxg3+ 32. Ke4
Qxd3+ 33. Kf4 Rf6+ 34. Ke5 Re3# 0-1

[Event "AUTO-INT-3895"]
[Site "http://www.queenalice.com/game.php?id=1844853"]
[Date "2024.10.7"]
[Round "1"]
[White "Castling"]
[Black "victor_lobo"]
[Result "1-0"]
[WhiteElo "1603"]
[BlackElo "1565"]

1. e4 e5 2. Bc4 Qf6 3. Qf3 Qxf3 4. Nxf3 f6 5. Nc3 Bb4 6. a3 Bxc3 7. dxc3 d6 8.
h3 c6 9. Be3 Ne7 10. O-O-O b5 11. Bb3 Bb7 12. Rxd6 Nd7 13. Rhd1 O-O-O 14. Be6
Kc7 15. Rxd7+ Rxd7 16. Rxd7+ Kb8 17. Rxe7 Bc8 18. Bxa7+ Ka8 19. Bxc8 Rxc8 20.
Rxg7 Rf8 21. Rxh7 f5 22. Bc5 Rg8 23. exf5 Rxg2 24. Ra7+ Kb8 25. Nxe5 Rxf2 26.
Nxc6+ Kc8 27. Ne7+ Kd8 28. Bxf2 Ke8 29. f6 Kf7 30. Bd4 b4 31. Nf5+ Kg6 32. f7
Kxf5 33. f8=Q+ Ke4 34. Re7+ Kd5 35. Qd8+ Kc4 36. Rc7+ Kb5 37. c4+ Ka4 38. Qa8#
1-0

[Event "AUTO-INT-3895"]
[Site "http://www.queenalice.com/game.php?id=1844854"]
[Date "2024.10.7"]
[Round "1"]
[White "victor_lobo"]
[Black "JoseMessias"]
[Result "0-1"]
[WhiteElo "1580"]
[BlackElo "1686"]

1. e4 e5 2. Nf3 d5 3. exd5 Qxd5 4. Nc3 Qe6 5. Ng5 Qf5 6. d3 Bc5 7. Qf3 h6 8.
Qxf5 Bxf5 9. Nd5 c6 10. Nc7+ Kd7 11. Nxa8 hxg5 12. g3 Nf6 13. f4 gxf4 14. gxf4
exf4 15. Bxf4 Na6 16. Nc7 Nxc7 17. Bxc7 Kxc7 18. O-O-O Nd5 19. Re1 Nb4 20. Kb1
Kd7 21. h4 Bf2 22. Re2 Bd4 23. Bg2 Be6 24. b3 a5 25. Re4 c5 26. Re5 Bxe5 27.
Bxb7 a4 28. h5 axb3 29. axb3 Rb8 30. Be4 f5 31. Bf3 Rb6 32. h6 Ra6 33. h7 Ra1#
0-1

[Event "AUTO-INT-3895"]
[Site "http://www.queenalice.com/game.php?id=1844855"]
[Date "2024.10.7"]
[Round "1"]
[White "JoseMessias"]
[Black "victor_lobo"]
[Result "1-0"]
[WhiteElo "1699"]
[BlackElo "1581"]

1. e4 e5 2. Nf3 f6 3. d4 d6 4. dxe5 fxe5 5. Bb5+ c6 6. Ba4 b5 7. Bb3 Bg4 8. h3
Bxf3 9. Qxf3 Qf6 10. Bg5 Qxf3 11. gxf3 h6 12. Be3 Na6 13. Nc3 d5 14. exd5 Bb4
15. dxc6 Bxc3+ 16. bxc3 Ne7 17. O-O-O Nxc6 18. Rd6 Rc8 19. Bd5 Nab8 20. Re6+ Ne7
21. Rxe5 Rxc3 22. Bc5 Rxc5 23. Bf7+ Kxf7 24. Rxc5 a6 25. Re1 Nbc6 26. Rd1 Rb8
27. Rd7 Ne5 28. Rxe5 Re8 29. Ra7 Kf6 30. f4 g5 31. Rxa6+ Kf7 32. Rxh6 gxf4 33.
Rxb5 Rg8 34. Rb7 Rg7 35. Rh4 Kg8 36. Rxf4 Rf7 37. Rg4+ Kh7 38. f4 Kh6 39. Rb8
Kh7 40. Rb5 Rg7 41. Rb7 Rf7 42. f5 Rg7 43. f6 Rxg4 44. hxg4 Kg8 45. Rxe7 Kf8 46.
g5 Kg8 47. g6 Kf8 48. g7+ Kg8 49. Re8+ Kf7 50. Rf8+ Kg6 51. g8=Q+ Kf5 52. Qd5+
Kg6 53. Qg2+ Kf5 54. f7 Kf6 55. Qc6+ Kg7 56. Qe8 Kf6 57. Rg8 Kf5 58. c4 1-0

[Event "AUTO-INT-3899"]
[Site "http://www.queenalice.com/game.php?id=1846670"]
[Date "2024.11.5"]
[Round "1"]
[White "eloy"]
[Black "victor_lobo"]
[Result "1-0"]
[WhiteElo "1656"]
[BlackElo "1587"]

1. e4 e5 2. Nf3 Qf6 3. Bc4 d6 4. d3 Bg4 5. Nc3 Bxf3 6. Qxf3 Qxf3 7. gxf3 c6 8.
Be3 Be7 9. a3 b5 10. Bb3 d5 11. exd5 cxd5 12. Nxd5 Bf6 13. Nc7+ Ke7 14. Nxa8 e4
15. dxe4 Bxb2 16. Rb1 Bxa3 17. Nc7 Nf6 18. Nxb5 Nc6 19. Nxa7 Nxa7 20. Bxa7 Bb4+
21. Ke2 Ra8 22. Ra1 Bc3 23. Bc5+ Kd7 24. Rxa8 Nh5 25. Bxf7 Nf4+ 26. Ke3 Ng2+ 27.
Kd3 Be5 28. Be8+ Ke6 29. Ra6+ Bd6 30. Bxd6 Kf6 31. Bf8+ Kg5 32. Bxg7 Kf4 33. Bh5
1-0

[Event "AUTO-INT-3899"]
[Site "http://www.queenalice.com/game.php?id=1846671"]
[Date "2024.11.5"]
[Round "1"]
[White "victor_lobo"]
[Black "eloy"]
[Result "0-1"]
[WhiteElo "1601"]
[BlackElo "1642"]

1. e4 e5 2. Qf3 Qf6 3. Bc4 Qxf3 4. Nxf3 d6 5. Ng5 Nh6 6. d3 Be7 7. Nf3 c6 8. Bg5
Bg4 9. Bxh6 gxh6 10. h3 Bxf3 11. gxf3 Nd7 12. Nd2 b5 13. Bb3 a5 14. O-O-O Nc5
15. Nf1 a4 16. Bxf7+ Kxf7 17. Ne3 a3 18. b3 b4 19. d4 exd4 20. Nc4 Rhg8 21. Rxd4
Rgd8 22. f4 d5 23. Ne5+ Kf6 24. Nxc6 Rd7 25. Rxd5 Rxd5 26. exd5 Bd6 27. Nxb4 Ne4
28. Nd3 Nc3 29. Kd2 Nxd5 30. c4 Bxf4+ 31. Kc2 Rc8 32. Re1 Bg5 33. Re5 Nb4+ 34.
Nxb4 Kxe5 35. Nd3+ Kd4 36. Nb4 Bh4 0-1

[Event "AUTO-INT-3899"]
[Site "http://www.queenalice.com/game.php?id=1846684"]
[Date "2024.11.5"]
[Round "1"]
[White "victor_lobo"]
[Black "renet54"]
[Result "1-0"]
[WhiteElo "1583"]
[BlackElo "1563"]

1. e4 e5 2. d4 exd4 3. Qxd4 Nc6 4. Qc3 d6 5. Bb5 Bd7 6. Bxc6 Bxc6 7. f3 Nf6 8.
Bg5 Be7 9. Bxf6 Bxf6 10. Qb3 O-O 11. c3 Re8 12. Nd2 Qd7 13. O-O-O Rab8 14. h4
Ba4 15. Qc4 Bxd1 16. Kxd1 b5 17. Qd5 b4 18. Ne2 bxc3 19. bxc3 Qa4+ 20. Ke1 Bxc3
21. Nxc3 Qa3 22. Nb3 Qb2 23. Qd2 Qa3 24. Kf2 h6 25. h5 a5 26. g4 a4 27. Nb1 Qb4
28. Qxb4 Rxb4 29. N3d2 Rb2 30. a3 d5 31. Re1 dxe4 32. Rxe4 Rxe4 33. fxe4 c5 34.
Ke3 Rc2 35. Kd3 Rb2 36. Nc3 c4+ 37. Nxc4 Rb8 38. Nxa4 Rd8+ 39. Ke3 f6 40. Nab6
Rd1 41. a4 Kf7 42. a5 Ra1 43. Na8 g5 44. Nc7 Re1+ 45. Kd3 f5 46. exf5 Re7 47.
Nd5 Rd7 48. Ne5+ 1-0

[Event "AUTO-INT-3899"]
[Site "http://www.queenalice.com/game.php?id=1846685"]
[Date "2024.11.5"]
[Round "1"]
[White "renet54"]
[Black "victor_lobo"]
[Result "0-1"]
[WhiteElo "1575"]
[BlackElo "1551"]

1. e4 e5 2. Nf3 d6 3. Bc4 Qf6 4. O-O Qg6 5. Nc3 Bh3 6. Nh4 Qf6 7. Qf3 Qxf3 8.
Nxf3 Be6 9. Bxe6 fxe6 10. d4 exd4 11. Nxd4 c6 12. Nxe6 Na6 13. Re1 Ke7 14. Nd4
h5 15. Bg5+ Kd7 16. Rad1 Be7 17. Bxe7 Nxe7 18. e5 dxe5 19. Nf5+ Ke6 20. Nxg7+
Kf6 21. Nxh5+ Rxh5 22. Rd6+ Kf7 23. Ne4 Rah8 24. Rf6+ Ke8 25. Rd1 Rxh2 26. Nd6+
Kd7 27. Nf7+ Kc7 28. Nxh8 Rxh8 29. Re6 Nd5 30. Rxe5 Ndb4 31. a3 Nd5 32. c4 Nf6
33. Re7+ Kb6 34. Rd6 Ne8 35. c5+ Nxc5 36. b4 Nxd6 37. bxc5+ Kxc5 38. f4 Rf8 39.
g3 Kb6 40. Kf2 c5 41. Re6 Kc7 42. Kf3 c4 43. Re1 Kb8 44. Re6 Nb5 45. g4 Nd4+ 0-1

[Event "AUTO-INT-3899"]
[Site "http://www.queenalice.com/game.php?id=1846686"]
[Date "2024.11.5"]
[Round "1"]
[White "victor_lobo"]
[Black "flanny"]
[Result "0-1"]
[WhiteElo "1618"]
[BlackElo "1584"]

1. e4 h6 2. Bc4 e6 3. d4 d5 4. exd5 exd5 5. Qe2+ Be7 6. Bb3 Nf6 7. c4 O-O 8.
cxd5 Re8 9. Be3 Bb4+ 10. Nc3 Ne4 11. O-O-O Bxc3 12. bxc3 Qe7 13. Kb2 b5 14. Qxb5
a6 15. Qc6 Nxc6 16. dxc6 Rb8 17. Re1 Be6 18. f3 Nf6 19. c4 Qb4 20. Nh3 Bxc4 21.
Kc2 Bxb3+ 22. axb3 Qxb3+ 23. Kd2 Rxe3 24. Rxe3 Qb2+ 25. Kd3 Rb3+ 26. Kc4 Qc2+
27. Rc3 Qxc3# 0-1

[Event "AUTO-INT-3899"]
[Site "http://www.queenalice.com/game.php?id=1846687"]
[Date "2024.11.5"]
[Round "1"]
[White "flanny"]
[Black "victor_lobo"]
[Result "1-0"]
[WhiteElo "1596"]
[BlackElo "1574"]

1. e4 e5 2. Nc3 c6 3. h3 Bb4 4. a3 Bxc3 5. bxc3 Nf6 6. d3 d5 7. exd5 Nxd5 8. Bb2
Nf4 9. c4 f6 10. g3 Ne6 11. Bg2 O-O 12. Ne2 Qb6 13. Rb1 Qa5+ 14. Nc3 a6 15. O-O
f5 16. Qe1 f4 17. g4 Ng5 18. h4 Ne6 19. g5 Rf5 20. Be4 Rf7 21. g6 hxg6 22. Bxg6
Rf6 23. h5 Nd4 24. Qd1 Bf5 25. Bxf5 Rxf5 26. Qg4 e4 27. Nxe4 Nd7 28. h6 Qe5 29.
Bxd4 1-0

[Event "AUTO-INT-3900"]
[Site "http://www.queenalice.com/game.php?id=1847023"]
[Date "2024.11.11"]
[Round "1"]
[White "victor_lobo"]
[Black "Yanni"]
[Result "1-0"]
[WhiteElo "1607"]
[BlackElo "1284"]

1. e4 e5 2. Nf3 f6 3. Bc4 Ne7 4. Nh4 Nbc6 5. Bd5 d6 6. Bxc6+ bxc6 7. d3 Ba6 8.
O-O Qd7 9. Qh5+ g6 10. Nxg6 Nxg6 11. f4 c5 12. fxe5 dxe5 13. Rxf6 O-O-O 14. Rxa6
Kb7 15. Rxg6 c4 16. Rg3 cxd3 17. Rxd3 Bd6 18. Nc3 Qc6 19. a3 Qc5+ 20. Be3 Qc6
21. b4 Kc8 22. Bxa7 Kb7 23. Be3 Rdf8 24. h3 Qd7 25. b5 Kc8 26. a4 Rfg8 27. a5
Qg7 28. Qf3 Rf8 29. Qe2 Rhg8 30. a6 Kd7 31. Bc5 Ke6 32. Bxd6 cxd6 33. b6 Rf6 34.
a7 Ra8 35. Nd1 Qb7 36. Qg4+ Ke7 37. Rb3 Raf8 38. Ne3 R6f7 39. Rba3 Qxb6 40. a8=Q
Rxa8 41. Rxa8 Qxe3+ 42. Kh2 Rf4 43. Qg7+ Rf7 44. R8a7+ Ke6 45. Qxf7# 1-0

[Event "AUTO-INT-3900"]
[Site "http://www.queenalice.com/game.php?id=1847024"]
[Date "2024.11.11"]
[Round "1"]
[White "Yanni"]
[Black "victor_lobo"]
[Result "0-1"]
[WhiteElo "1267"]
[BlackElo "1620"]

1. e4 e5 2. f3 d5 3. exd5 Qxd5 4. Nc3 Qd4 5. Nge2 Qd7 6. a3 Nc6 7. g3 Nd4 8. d3
Nxf3+ 9. Kf2 Qf5 10. Nd5 Nd4+ 11. Ke1 Nf3+ 12. Kf2 Bc5+ 13. Kg2 h5 14. Ne3 Bxe3
15. Bxe3 h4 16. Kf2 hxg3+ 17. Nxg3 Qf6 18. Bg2 Nh4+ 19. Kg1 Nxg2 20. Kxg2 b6 21.
Rf1 Bb7+ 22. Rf3 Bxf3+ 23. Qxf3 Qxf3+ 24. Kxf3 c5 25. Ke4 Rh4+ 26. Kf3 g6 27. b4
cxb4 28. Bg5 Rxh2 29. Re1 f6 30. Bc1 bxa3 31. Bxa3 Rxc2 32. Ne4 f5 33. Nd6+ Kd7
34. Rxe5 Rc3 35. Nb5 Rxd3+ 36. Ke2 Rh3 37. Nd4 Rxa3 38. Rd5+ Ke8 39. Re5+ Kf7
40. Nb5 Kf6 41. Rd5 Ra2+ 42. Ke3 Re8+ 43. Kd3 Ree2 44. Nc3 Rad2+ 45. Kc4 Rxd5
46. Nxd5+ Kg7 47. Kb5 Re5 48. Kc4 Rxd5 49. Kxd5 b5 50. Kc5 a6 51. Kb6 b4 52.
Kxa6 b3 53. Kb6 b2 54. Kc6 b1=Q 55. Kd6 f4 56. Kc6 f3 57. Kd6 f2 58. Kc6 f1=Q
59. Kd6 Qff5 60. Kc6 Qbb5+ 61. Kd6 Qf6+ 62. Kc7 Qfc6+ 63. Kd8 Qb8# 0-1

[Event "AUTO-INT-3900"]
[Site "http://www.queenalice.com/game.php?id=1847025"]
[Date "2024.11.11"]
[Round "1"]
[White "victor_lobo"]
[Black "Rocio"]
[Result "0-1"]
[WhiteElo "1632"]
[BlackElo "1400"]

1. e4 e5 2. Nf3 Nc6 3. d4 h6 4. d5 Nce7 5. Nxe5 Nf6 6. d6 cxd6 7. Nc4 Nxe4 8.
Qe2 d5 9. Ncd2 Nf5 10. Nxe4 dxe4 11. Qxe4+ Ne7 12. Bc4 d5 13. Bxd5 Bf5 14. Bxf7+
Kxf7 15. Qf4 Qa5+ 16. c3 Rd8 17. O-O Ng6 18. Nd2 Nxf4 19. Nc4 Qc7 20. Bxf4 Qxc4
21. h3 Qxf4 22. Rae1 Qg5 23. b4 Bxh3 24. g3 Bd6 25. Re3 Rhe8 26. Rxe8 Kxe8 27.
Re1+ Kf7 28. a4 Bxg3 29. fxg3 Qxg3+ 30. Kh1 Qxe1+ 31. Kh2 Rd3 32. c4 Qf2+ 33.
Kh1 Qg2# 0-1

[Event "AUTO-INT-3900"]
[Site "http://www.queenalice.com/game.php?id=1847026"]
[Date "2024.11.11"]
[Round "1"]
[White "Rocio"]
[Black "victor_lobo"]
[Result "0-1"]
[WhiteElo "1407"]
[BlackElo "1625"]

1. e4 e5 2. Bc4 c6 3. Nf3 Qf6 4. d3 Bc5 5. Bd2 d5 6. Bg5 Qg6 7. Nc3 dxc4 8. dxc4
f6 9. Be3 Bxe3 10. fxe3 Bg4 11. Rg1 Bxf3 12. Qxf3 Na6 13. a3 Ne7 14. O-O-O O-O
15. Rd7 Rfe8 16. Rxb7 Nc5 17. Rb4 f5 18. exf5 Qxf5 19. Qg3 Ne4 20. Qh4 Nxc3 21.
Re1 Ne4 22. Rd1 Ng6 23. Qe1 a5 24. Rb6 Rac8 25. Qxa5 Nd6 26. Rxd6 Rcd8 27. Rd1
Rxd1+ 28. Kxd1 Rd8+ 29. Kc1 Qf1+ 30. Qe1 Qxe1# 0-1

[Event "AUTO-INT-3900"]
[Site "http://www.queenalice.com/game.php?id=1847027"]
[Date "2024.11.11"]
[Round "1"]
[White "victor_lobo"]
[Black "game"]
[Result "1-0"]
[WhiteElo "1568"]
[BlackElo "1554"]

1. e4 e5 2. d4 d6 3. dxe5 Nc6 4. exd6 cxd6 5. Bb5 Qa5+ 6. Nc3 Nf6 7. Bxc6+ bxc6
8. Bg5 Nxe4 9. Qe2 d5 10. Bd2 Bb4 11. Nxe4 dxe4 12. Qxe4+ Be6 13. Bxb4 Qb5 14.
Ne2 c5 15. Qxa8+ Ke7 16. Qxh8 Qxb4+ 17. c3 Qxb2 18. Rd1 Bg4 19. Qd8+ Ke6 20.
Qd6+ Kf5 21. Rd5+ Ke4 22. Ng3# 1-0

[Event "AUTO-INT-3900"]
[Site "http://www.queenalice.com/game.php?id=1847028"]
[Date "2024.11.11"]
[Round "1"]
[White "game"]
[Black "victor_lobo"]
[Result "0-1"]
[WhiteElo "1527"]
[BlackElo "1612"]

1. e4 e5 2. Nf3 d6 3. d4 exd4 4. Ng5 h6 5. Qh5 Qe7 6. Bc4 g6 7. Bxf7+ Qxf7 8.
Nxf7 gxh5 9. Nxh8 Ne7 10. O-O Bg7 11. e5 Bxh8 12. Re1 dxe5 13. Bxh6 Nbc6 14. Nd2
Nb4 15. Rac1 Nxa2 16. Rcd1 Bf5 17. f4 e4 18. Nxe4 O-O-O 19. Bg5 Bxe4 20. Rxe4
Rd7 21. Bxe7 d3 22. c4 Bxb2 23. Bc5 Nc3 24. Re8+ Rd8 25. Re5 b6 26. Rxd3 Na4 27.
Red5 Rxd5 28. Rxd5 bxc5 29. Rxh5 Bd4+ 30. Kf1 Nb6 31. g4 a5 32. g5 a4 33. f5 a3
34. f6 a2 35. f7 a1=Q+ 36. Kg2 Nd7 37. h4 Qa2+ 38. Kf3 Qxc4 39. g6 Qd3+ 40. Kg4
Qxg6+ 41. Rg5 Qxf7 42. h5 c4 43. Rg6 c3 44. Kg5 c2 45. Kh6 c1=Q+ 46. Rg5 Qc6+
47. Rg6 Be3# 0-1